| 000 | 00352nam a2200121Ia 4500 | ||
|---|---|---|---|
| 005 | 20260326100044.0 | ||
| 008 | 260326s9999||||xx |||||||||||||| ||und|| | ||
| 100 | _aShinoda, Toko | ||
| 245 | 0 |
_aKatsura : _b Tradition and creation in Japanese Architecture / _cToko Shinoda |
|
| 260 | _bZokeisha Publications | ||
| 650 | _aARQUITECTURA REGIONAL | ||
| 942 | _cBK | ||
| 999 |
_c7122 _d7122 |
||